| 000 | 00712nam a2200229 a 4500 | ||
|---|---|---|---|
| 001 | BRCA_4158 | ||
| 005 | 20190320204551.0 | ||
| 008 | 060510s1972----u--a######---#000-0#eng-# | ||
| 041 | _aeng | ||
| 044 | _au | ||
| 050 | 4 |
_aN7340 _b.C76 1972 |
|
| 100 | 1 |
_aCrossman, Carl L. _910748 |
|
| 245 | 1 | 0 |
_aThe China Trade, Export Paintings, Furniture, Silver and other Objects _cCarl L. Crossman ; with a foreword by Ernest S. Dodge. |
| 260 |
_aPrinceton, Nueva Jersey _bPyne _c1972 |
||
| 300 |
_a275 p. _bil. (algunas a color) _c29 cm. |
||
| 500 | _aIncluye notas bibliográficas | ||
| 500 | _aC189 | ||
| 650 | 1 | 4 |
_aArte chino _xComercio _910749 |
| 700 | 1 |
_aDodge, Ernest S. _910750 |
|
| 902 | _aGFM | ||
| 942 |
_2lcc _cB |
||
| 999 |
_c3874 _d3874 |
||